ბათუმის შოთა რუსთაველის სახელმწიფო უნივერსიტეტის ბიბლიოთეკა

Административное право и процесс: (ბიბ.ჩანაწერი № 36036)

000 -LEADER
fixed length control field 00886nam a2200253Ia 4500
001 - CONTROL NUMBER
control field 1935
003 - CONTROL NUMBER IDENTIFIER
control field GE_BSU
005 - DATE AND TIME OF LATEST TRANSACTION
control field 20190424174937.0
008 - FIXED-LENGTH DATA ELEMENTS--GENERAL INFORMATION
fixed length control field 181216s2008||||ru |||||||||||||| ||rus||
020 ## - INTERNATIONAL STANDARD BOOK NUMBER
International Standard Book Number 5891941783
040 ## - CATALOGING SOURCE
Transcribing agency GE_BSU
041 ## - LANGUAGE CODE
Language code of text/sound track or separate title rus
080 ## - UNIVERSAL DECIMAL CLASSIFICATION NUMBER
Universal Decimal Classification number 342
100 ## - MAIN ENTRY--PERSONAL NAME
Personal name Тихомиров, Юрий Александрович
9 (RLIN) 480
245 ## - TITLE STATEMENT
Title Административное право и процесс:
Remainder of title полный курс /
Statement of responsibility, etc. Ю. А. Тихомиров ; Гос. ун-т - Высш. шк. экономики.
260 ## - PUBLICATION, DISTRIBUTION, ETC.
Place of publication, distribution, etc. Москва :
260 ## - PUBLICATION, DISTRIBUTION, ETC.
Name of publisher, distributor, etc. Тихомирова М.Ю.,
260 ## - PUBLICATION, DISTRIBUTION, ETC.
Date of publication, distribution, etc. 2008.
300 ## - PHYSICAL DESCRIPTION
Extent 967 с.;
Other physical details 20 см.
653 ## - INDEX TERM--UNCONTROLLED
Uncontrolled term Административное процесс.
653 ## - INDEX TERM--UNCONTROLLED
Uncontrolled term სამართალი
653 ## - INDEX TERM--UNCONTROLLED
Uncontrolled term ადმინისტრაციული სამართალი
942 ## - ADDED ENTRY ELEMENTS (KOHA)
Koha item type წიგნი
Source of classification or shelving scheme
ეგზემპლარები
Withdrawn status Lost status Source of classification or shelving scheme Damaged status Not for loan Permanent Location Current Location Shelving location Date acquired Cost, normal purchase price Full call number Barcode Date last seen Copy number Price effective from Koha item type Public note
          ბათუმის შოთა რუსთაველის სახელმწიფო უნივერსიტეტის მთავარი ბიბლიოთეკა ბათუმის შოთა რუსთაველის სახელმწიფო უნივერსიტეტის მთავარი ბიბლიოთეკა წიგნსაცავი 2018-12-17 25.00 342 T-46 3856 2018-12-17 3856 2018-12-17 წიგნი 25 ლ.